000
00319nam a22001217a 4500
008
160510b xxu||||| |||| 00| 0 eng d
020
_a
9780073375663
020
_a
0073375667
041
_a
eng
080
_a
54
245
_a
Chemistry in context:
_c
Catherine Middlecamp; Steven Keller; Karen Anderson;
942
_2
udc
_c
BK
999
_c
1975
_d
1975